[Event "FINAL MISTRZOSTW POLSKI JUNIOROW 2018 - GRUPA  C18"]
[Site "Jastrzebia Gora"]
[Date "1899-12-30"]
[Round "7.6"]
[White "Hrymowicz, Artur"]
[Black "Koziol, Kamil"]
[Result "0-1"]
[WhiteTitle "I++"]
[BlackTitle "FM"]
[WhiteElo "2156"]
[BlackElo "2262"]

1. e4 e5 2. Nf3 Nc6 3. d4 exd4 4. Nxd4 Bc5 5. Nb3 Bb4+ 6. c3 Be7 7. Bd3 Nf6 8.
c4 d6 9. O-O Ne5 10. Nc3 Nxd3 11. Qxd3 O-O 12. f4 c6 13. Be3 Ng4 14. Bd4 f5 15.
Rae1 Bf6 16. h3 Nh6 17. Bxf6 Qxf6 18. e5 dxe5 19. fxe5 Qe7 20. Qd6 Re8 21. Nd4
Be6 22. Qxe7 Rxe7 23. b3 Rae8 24. Rf2 g6 25. Rfe2 Nf7 26. Na4 Bc8 27. Nf3 g5 28.
Nc5 b6 29. Nd3 c5 30. Kf2 h6 31. h4 Bb7 32. hxg5 Nxg5 33. Nd2 Ne4+ 34. Nxe4 fxe4
35. Nf4 Rxe5 36. Re3 Rf8 37. g3 Rd8 38. Ke2 Re7 39. Rd1 Rd4 40. Nd5 Bxd5 41. cxd5
Re5 42. Rh1 Rexd5 43. Rxh6 Rd2+ 44. Kf1 Rxa2 45. Rxe4 Rd1+ 46. Re1 Rxe1+ 47. Kxe1
Rb2 48. Rc6 Rxb3 49. Kf2 a5 50. Rc7 a4 51. g4 Rb5 0-1

[Event "FINAL MISTRZOSTW POLSKI JUNIOROW 2018 - GRUPA  C18"]
[Site "Jastrzebia Gora"]
[Date "1899-12-30"]
[Round "7.7"]
[White "Sernecki, Franciszek"]
[Black "Garbowski, Jakub"]
[Result "1/2-1/2"]
[WhiteTitle "I+"]
[BlackTitle "k"]
[WhiteElo "2160"]
[BlackElo "2112"]

1. d4 Nf6 2. Nf3 g6 3. c4 Bg7 4. Nc3 d5 5. cxd5 Nxd5 6. e4 Nxc3 7. bxc3 c5 8. Rb1
b6 9. Be2 O-O 10. O-O Qc7 11. Qb3 Bb7 12. d5 Nd7 13. c4 Rae8 14. Bg5 e6 15. Rfe1
h6 16. Bd2 Bc8 17. Bd3 exd5 18. cxd5 Kh7 19. a4 Ne5 20. Nxe5 Bxe5 21. g3 f5 22.
exf5 Bxf5 23. Bxf5 Rxf5 24. Qe3 Qg7 25. Bc3 Qf6 26. Qe4 Rf8 27. Bxe5 Rxe5 28.
Qxe5 Qxf2+ 29. Kh1 Qf3+ 30. Kg1 Qf2+ 1/2-1/2

[Event "FINAL MISTRZOSTW POLSKI JUNIOROW 2018 - GRUPA  C18"]
[Site "Jastrzebia Gora"]
[Date "1899-12-30"]
[Round "7.8"]
[White "Klepek, Witold"]
[Black "Zaleski, Lukasz"]
[Result "1-0"]
[WhiteTitle "k"]
[BlackTitle "k"]
[WhiteElo "2126"]
[BlackElo "2132"]

1. e4 e5 2. Nf3 Nc6 3. d4 exd4 4. Nxd4 Bc5 5. Be3 Qf6 6. c3 Nge7 7. g3 d5 8. Bg2
Bxd4 9. cxd4 dxe4 10. Nc3 Bf5 11. d5 O-O-O 12. Qb3 Ne5 13. Nxe4 Qa6 14. O-O-O
Qc4+ 15. Qxc4 Nxc4 16. Bc5 Bxe4 17. Bxe4 Rhe8 18. Rhe1 Nd6 19. Bg2 Ng8 20. Bd4
Rxe1 21. Rxe1 Re8 22. Re3 g6 23. Kc2 Nh6 24. Kd3 f5 25. Bf3 Kd7 26. Bd1 Rxe3+
27. Bxe3 Nhf7 28. Kd4 Nb5+ 29. Kc5 a6 30. a4 b6+ 31. Kb4 Nbd6 32. a5 bxa5+ 33.
Kc5 Ne5 34. Be2 Ng4 35. Bxa6 Nxh2 36. Bf4 Ne4+ 37. Kd4 g5 38. Bb5+ Kd8 39. Bc1
Nf3+ 40. Ke3 Ne5 41. Kd4 Nf7 42. Bd3 Ned6 43. g4 Ke7 44. b3 h6 45. f3 Kf6 46.
Bd2 Ne5 47. Be2 Nb7 48. Bc3 f4 49. Ke4 Nc5+ 50. Kd4 Nxb3+ 51. Ke4 Nc5+ 52. Kd4
Nb7 53. Bd1 Nf7 54. Ke4+ Ke7 55. Kf5 Nbd6+ 56. Kg6 Nc4 57. Bf6+ Ke8 58. Ba4+ Kf8
59. Bg7+ Ke7 60. Bf6+ Kf8 61. Bg7+ Kg8 62. Bb3 Nce5+ 63. Bxe5 Nxe5+ 64. Kf5 Nd7
65. d6+ Kg7 66. dxc7 Nb6 67. Be6 a4 68. c8=Q Nxc8 69. Bxc8 a3 70. Be6 Kh7 71.
Kf6 Kh8 72. Kg6 h5 73. Kxh5 1-0

[Event "FINAL MISTRZOSTW POLSKI JUNIOROW 2018 - GRUPA  C18"]
[Site "Jastrzebia Gora"]
[Date "1899-12-30"]
[Round "7.9"]
[White "Walter, Szymon"]
[Black "Swider, Pawel"]
[Result "1/2-1/2"]
[WhiteTitle "k+"]
[BlackTitle "I"]
[WhiteElo "2330"]
[BlackElo "1941"]

1. e4 c6 2. d4 d5 3. e5 Bf5 4. Nf3 e6 5. Be2 c5 6. Be3 Nd7 7. O-O Rc8 8. c4 Ne7
9. Nc3 a6 10. Qa4 dxc4 11. dxc5 Nc6 12. Qxc4 Ndxe5 13. Nxe5 Nxe5 14. Qf4 Nd7 15.
Rfd1 Qc7 16. Qa4 Qc6 17. Qxc6 Rxc6 18. b4 Rc7 19. g4 Bg6 20. Rac1 h5 21. h3 hxg4
22. hxg4 Be7 23. Bf4 e5 24. Be3 Nf6 25. g5 Ne4 26. Nd5 Rc8 27. Bg4 Rd8 28. Nxe7
Kxe7 29. f3 f5 30. gxf6+ Nxf6 31. Bg5 Rxd1+ 32. Rxd1 Rd8 33. Re1 Rd4 34. Rxe5+
Kf8 35. Be6 Rxb4 36. Bb3 Bf7 37. Bd2 Rd4 38. Bc3 Rf4 39. Kg2 Nd7 40. Rg5 g6 41.
Kg3 Rf5 42. Rxf5 gxf5 43. Bb4 Kg7 44. Bc2 Be6 45. Kf4 Kg6 46. a3 Kf6 47. Bc3+
Kg6 48. Bd4 Nb8 49. Bc3 Nd7 50. Bd4 Nb8 51. Bd3 Nc6 52. Bc3 Bd7 53. Bc4 Nd8 54.
Bd5 Nc6 55. Be5 Kh6 56. Bf6 Kg6 57. Bh4 Kh5 58. Be1 Kh6 59. Bc3 Kg6 60. Bb2 Kh6
61. Bf7 Nd8 62. Bg8 Nc6 63. Bc4 Kg6 64. Bc3 Kh6 65. Kg3 Kg6 66. Bd5 Kh6 67. Bd2+
Kg6 68. Kf4 Kf6 69. Ba2 Kg6 70. Bc3 Kh6 71. Be5 Kg6 72. Bc7 Kf6 1/2-1/2

[Event "FINAL MISTRZOSTW POLSKI JUNIOROW 2018 - GRUPA  C18"]
[Site "Jastrzebia Gora"]
[Date "1899-12-30"]
[Round "7.10"]
[White "Janiszewski, Filip"]
[Black "Bilczewski, Kacper"]
[Result "1/2-1/2"]
[WhiteTitle "I++"]
[BlackTitle "k+"]
[WhiteElo "1869"]
[BlackElo "2161"]

1. e4 c6 2. d4 g6 3. Nf3 d5 4. Nbd2 Bg7 5. c3 Nd7 6. Bd3 Nh6 7. O-O O-O 8. Re1
dxe4 9. Nxe4 Nf5 10. Bf4 Nb6 11. h3 Nd5 12. Bh2 Bh6 13. Ne5 Nf4 14. Ng4 Nxd3 15.
Nxh6+ Nxh6 16. Qxd3 Nf5 17. g4 Ng7 18. Qg3 f6 19. Qh4 b6 20. Qh6 Bb7 21. Rad1
Qd5 22. b3 Rad8 23. c4 Qd7 24. Rd2 Rf7 25. Red1 Ne6 26. d5 cxd5 27. cxd5 Nf8 28.
f3 Qb5 29. Qe3 Rc8 30. d6 Bxe4 31. Qxe4 e5 32. g5 Nd7 33. gxf6 Rxf6 34. Rd5 Qc6
35. Bxe5 Re8 36. f4 Rxd6 37. Qd4 Rxd5 38. Qxd5+ Qxd5 39. Rxd5 Nxe5 40. fxe5 Kf7
41. Kg2 Ke6 42. Rd6+ Kxe5 43. Rd7 Kf4 44. Rf7+ Ke5 1/2-1/2

[Event "FINAL MISTRZOSTW POLSKI JUNIOROW 2018 - GRUPA  C18"]
[Site "Jastrzebia Gora"]
[Date "1899-12-30"]
[Round "7.12"]
[White "Jordan, Adam"]
[Black "Choina, Michal"]
[Result "1/2-1/2"]
[WhiteTitle "I"]
[BlackTitle "I++"]
[WhiteElo "1748"]
[BlackElo "1906"]

1. d4 Nf6 2. Nf3 e6 3. c4 b6 4. Nc3 Bb7 5. e3 d5 6. Be2 Nbd7 7. O-O Bd6 8. b3 O-O
9. Bb2 Rc8 10. Qc2 c5 11. Rfd1 Qe7 12. dxc5 Bxc5 13. cxd5 Nxd5 14. Nxd5 Bxd5 15.
Ba6 Bxf3 16. gxf3 Rcd8 17. Bb5 Nf6 18. Qe2 Nh5 19. f4 Qh4 20. Bc6 Nf6 21. Qf3
Qg4+ 22. Kh1 Qxf3+ 23. Bxf3 Nd5 24. Kg2 f5 25. Kf1 Rd7 26. a3 a5 27. Rac1 Rfd8
28. Ke2 g6 29. h4 h5 30. Bxd5 Rxd5 31. Rxd5 Rxd5 32. a4 Be7 33. Rc7 Bxh4 34. Rg7+
1/2-1/2

[Event "FINAL MISTRZOSTW POLSKI JUNIOROW 2018 - GRUPA  C18"]
[Site "Jastrzebia Gora"]
[Date "1899-12-30"]
[Round "7.13"]
[White "Dryja, Szymon"]
[Black "Raczynski, Krzysztof"]
[Result "0-1"]
[WhiteTitle "I++"]
[BlackTitle "k+"]
[WhiteElo "1896"]
[BlackElo "2124"]

1. d4 Nf6 2. Nc3 d6 3. e4 e5 4. Nge2 Be7 5. h3 O-O 6. g4 c6 7. Bg2 b5 8. a3 a5
9. O-O Ba6 10. Ng3 b4 11. Nce2 Nbd7 12. Re1 c5 13. d5 c4 14. f4 exf4 15. Bxf4
Ne5 16. Nd4 Nfd7 17. Ngf5 Bg5 18. Bg3 g6 19. h4 Be7 20. Nh6+ Kh8 21. g5 c3 22.
b3 Bxg5 23. Bxe5+ Nxe5 24. hxg5 Qxg5 25. Qc1 Qxc1 26. Raxc1 Kg7 27. Nhf5+ gxf5
28. Nxf5+ Kf6 29. Nxd6 Rg8 30. Kf2 Rg4 31. Rh1 Rag8 32. Rh6+ Kg5 33. Rch1 Rxg2+
34. Kxg2 Kf4+ 35. Kh3 Rg3+ 36. Kh4 Nf3+ 37. Kh5 Rg5# 0-1

[Event "FINAL MISTRZOSTW POLSKI JUNIOROW 2018 - GRUPA  C18"]
[Site "Jastrzebia Gora"]
[Date "1899-12-30"]
[Round "7.14"]
[White "Raclawicki, Kacper"]
[Black "Kus, Aleksander"]
[Result "1/2-1/2"]
[WhiteTitle "I"]
[BlackTitle "k"]
[WhiteElo "1738"]
[BlackElo "2009"]

1. d4 Nf6 2. Nf3 g6 3. g3 Bg7 4. Bg2 O-O 5. c4 d6 6. Nc3 Nc6 7. O-O a6 8. h3 Bd7
9. e4 e5 10. dxe5 Nxe5 11. Nxe5 dxe5 12. Be3 Be6 13. Qe2 Nd7 14. Rad1 Qe8 15.
Nd5 Rc8 16. f4 exf4 17. gxf4 c6 18. Nb6 Nxb6 19. Bxb6 f5 20. e5 Qf7 21. b3 Rfe8
22. Bc5 Rcd8 23. Bd6 h6 24. Bf3 Kh7 25. Rf2 Rg8 26. h4 Bf8 27. c5 Rd7 28. Rh2
Rg7 29. Qe3 Kg8 30. Kf2 Be7 31. Rg1 Bd8 32. Ke2 Kh7 33. Rgg2 Be7 34. Kf1 Qe8 35.
Rg1 Qd8 36. Qe1 Qg8 37. Qc3 Qd8 38. Qe1 Qg8 39. Rgg2 Qd8 40. Rc2 Qg8 41. Rcd2
Bd8 42. Qd1 Qe8 43. Be2 Qg8 44. Qc2 Qf7 45. Bc4 Kg8 46. Bxe6 Qxe6 47. Qc4 Kf7
48. Qxe6+ Kxe6 49. Rdg2 Rg8 50. Ke2 Rdg7 51. Kf3 Re8 52. Rh1 Kf7 53. Rd2 Ke6 54.
b4 Rd7 55. a4 Rg8 56. Rb2 Rh8 57. b5 axb5 58. axb5 cxb5 59. Rxb5 Rg7 60. Rb2 Rhh7
61. Rd2 Rd7 62. Rg2 Rdg7 63. Rd2 Rd7 64. Rg2 Rdg7 65. Rd2 Rd7 66. Rg2 1/2-1/2

[Event "FINAL MISTRZOSTW POLSKI JUNIOROW 2018 - GRUPA  C18"]
[Site "Jastrzebia Gora"]
[Date "1899-12-30"]
[Round "7.15"]
[White "Jarzebowski, Kacper"]
[Black "Rak, Maciej"]
[Result "1/2-1/2"]
[WhiteTitle "I++"]
[BlackTitle "I"]
[WhiteElo "1914"]
[BlackElo "1694"]

1. d4 d5 2. Nf3 e6 3. g3 Nf6 4. Bg2 a6 5. O-O Nbd7 6. c4 dxc4 7. Qc2 Rb8 8. Qxc4
b5 9. Qc2 Bb7 10. Bf4 Bd6 11. Bxd6 cxd6 12. Nbd2 Rc8 13. Qd3 d5 14. Rac1 O-O 15.
Nb3 Qb6 16. Qd2 Ne4 17. Qb4 Rc4 18. Rxc4 bxc4 19. Qxb6 Nxb6 20. Na5 Ba8 21. Ne5
f6 22. Nec6 Bxc6 23. Bxe4 Bb5 24. Bf3 Na4 25. Rb1 f5 26. b3 cxb3 27. axb3 Nc3
28. Rb2 Rc8 29. Kg2 Rc7 30. Rc2 Kf7 31. Nc4 dxc4 32. Rxc3 Ke8 33. bxc4 Rxc4 34.
Re3 Rxd4 35. Rxe6+ Kf7 36. Rb6 Rd2 37. e4 Rb2 38. Rb7+ Kf6 39. exf5 h6 40. g4
Rb1 41. Kg3 Rb3 42. Rb6+ Ke5 43. Rg6 Bc4 44. Rxg7 a5 45. Re7+ Kf6 46. Re3 a4 47.
Be4 Rxe3+ 48. fxe3 Ke5 49. Bb1 a3 50. Kh4 Bf7 51. g5 hxg5+ 52. Kxg5 a2 53. Bxa2
Bxa2 54. h4 Bb1 55. f6 Ke6 56. h5 Bc2 57. h6 Bh7 58. Kf4 Kxf6 59. e4 Bxe4 60.
Kxe4 Kg6 61. h7 Kxh7 1/2-1/2

[Event "FINAL MISTRZOSTW POLSKI JUNIOROW 2018 - GRUPA  C18"]
[Site "Jastrzebia Gora"]
[Date "1899-12-30"]
[Round "7.16"]
[White "Koloczek, Maciej"]
[Black "Kupiecki, Szymon"]
[Result "1-0"]
[WhiteTitle "I"]
[BlackTitle "I"]
[WhiteElo "1864"]
[BlackElo "1827"]

1. e4 c5 2. Nf3 Nc6 3. d4 cxd4 4. Nxd4 Nf6 5. Nc3 e5 6. Ndb5 d6 7. Bg5 a6 8. Na3
b5 9. Bxf6 gxf6 10. Nd5 Bg7 11. c3 O-O 12. Qf3 Be6 13. Bd3 Bxd5 14. exd5 Ne7 15.
Nc2 f5 16. Bxf5 Nxf5 17. Qxf5 Rc8 18. Ne3 Kh8 19. O-O Qe7 20. Rae1 Rg8 21. Ng4
Rc5 22. Re3 h6 23. Rd1 Bf8 24. Rh3 Rg6 25. Rf3 Kg7 26. Ne3 Kg8 27. Qe4 Qg5 28.
Rf5 Qe7 29. Rd3 Bg7 30. Rf3 Bf8 31. h4 Qd7 32. b3 Rc7 33. Nf5 Qd8 34. Rg3 Kh8
35. Rdf3 Qc8 36. Rh3 a5 37. Kh2 a4 38. Ne3 Qe8 39. c4 axb3 40. axb3 bxc4 41. bxc4
Bg7 42. Nf5 Bf8 43. Rfg3 Qc8 44. Ne3 Qe8 45. Rf3 Qe7 46. g4 Qe8 47. g5 h5 48.
Rhg3 Kh7 49. Rf5 Bg7 50. Qf3 1-0

[Event "FINAL MISTRZOSTW POLSKI JUNIOROW 2018 - GRUPA  C18"]
[Site "Jastrzebia Gora"]
[Date "1899-12-30"]
[Round "7.17"]
[White "Kaminski, Maciej"]
[Black "Bojczewski, Rafal"]
[Result "1-0"]
[WhiteTitle "I++"]
[BlackTitle "I+"]
[WhiteElo "1957"]
[BlackElo "1790"]

1. e4 e5 2. Nf3 Nc6 3. Bc4 Nf6 4. d3 Be7 5. O-O d6 6. Re1 Na5 7. Bb3 Nxb3 8. axb3
O-O 9. Nbd2 c6 10. Nf1 Bg4 11. h3 Bxf3 12. Qxf3 Re8 13. Ng3 Bf8 14. Nf5 Kh8 15.
Bg5 Re6 16. Qg3 h6 17. Qh4 Kg8 18. Be3 a6 19. Qg3 Kh8 20. Bd2 Qd7 21. c4 Rae8
22. Bc3 Nh5 23. Qf3 Nf4 24. d4 Rg6 25. Nh4 Rf6 26. dxe5 dxe5 27. Rad1 Qc7 28.
Qe3 Ne6 29. Nf3 Bc5 30. Qc1 Qb6 31. Qc2 Ng5 32. Rd3 Nxf3+ 33. Rxf3 Rxf3 34. gxf3
Qd8 35. b4 Qh4 36. bxc5 Qxh3 37. Rd1 Qxf3 38. Qd3 Qg4+ 39. Kf1 Kh7 40. Qd7 Re6
41. Rd6 Qxe4 42. Qxf7 Qxc4+ 43. Ke1 Qe4+ 44. Kd2 Rg6 45. Qxg6+ Qxg6 46. Rxg6 Kxg6
47. Bxe5 h5 48. Ke3 1-0

[Event "FINAL MISTRZOSTW POLSKI JUNIOROW 2018 - GRUPA  C18"]
[Site "Jastrzebia Gora"]
[Date "1899-12-30"]
[Round "8.1"]
[White "Kowalski, Igor"]
[Black "Grela, Kacper"]
[Result "1-0"]
[WhiteTitle "FM"]
[BlackTitle "FM"]
[WhiteElo "2303"]
[BlackElo "2321"]

1. d4 Nf6 2. c4 e6 3. Nc3 Bb4 4. Qc2 O-O 5. Nf3 c5 6. dxc5 Na6 7. g3 Nxc5 8. Bg2
Nce4 9. O-O Nxc3 10. bxc3 Be7 11. e4 d6 12. e5 dxe5 13. Nxe5 Qc7 14. Re1 Bd6 15.
Bf4 Ne8 16. c5 Qxc5 17. c4 Rb8 18. Rab1 f6 19. Nd3 Qc7 20. c5 b6 21. Qb3 Bxf4
22. Nxf4 Qxc5 23. Rbc1 Qe7 24. Nxe6 Kh8 25. Nxf8 Qxf8 26. Qa4 Nd6 27. Qxa7 Bf5
28. Qe7 Qxe7 29. Rxe7 h5 30. Ra7 Be6 31. a4 Bb3 32. Rc3 Be6 33. Ra8 Rxa8 34. Bxa8
Bc4 35. Bc6 Kh7 36. Rc1 b5 37. axb5 Bxb5 38. Bxb5 Nxb5 39. Rc5 Nd4 40. Rxh5+ Kg6
41. Rd5 Ne6 42. f4 Kh6 43. Kf2 g5 44. Rd6 Nc5 45. Rxf6+ Kg7 46. Rf5 1-0

[Event "FINAL MISTRZOSTW POLSKI JUNIOROW 2018 - GRUPA  C18"]
[Site "Jastrzebia Gora"]
[Date "1899-12-30"]
[Round "8.2"]
[White "Szustakowski, Antoni"]
[Black "Wyczling, Bartosz"]
[Result "1-0"]
[WhiteTitle "FM"]
[BlackTitle "k"]
[WhiteElo "2297"]
[BlackElo "2103"]

1. d4 Nf6 2. c4 c5 3. d5 b5 4. Qc2 bxc4 5. e4 d6 6. Bxc4 g6 7. Nf3 Nbd7 8. O-O
Bg7 9. Re1 O-O 10. Bd2 Ng4 11. Bc3 Nge5 12. Nbd2 Qb6 13. Nxe5 Nxe5 14. f4 Nxc4
15. Nxc4 Qb5 16. Bxg7 Kxg7 17. b3 Ba6 18. e5 dxe5 19. fxe5 Qb4 20. Re4 Rad8 21.
Rd1 Bxc4 22. Rxc4 Qb8 23. Qc3 Kg8 24. Rxc5 Rd7 25. b4 Rfd8 26. Kh1 Qb7 27. Qc4
Qb8 28. Qd4 Qb7 29. a3 Qa6 30. Qe3 Qe6 31. dxe6 Rxd1+ 32. Qg1 fxe6 33. Rc7 a5
34. bxa5 R8d5 35. a6 Rxg1+ 36. Kxg1 Ra5 37. a7 Kf7 38. g4 g5 39. Kf2 h6 40. h3
Kg6 41. Rxe7 Rxa3 42. Ke2 h5 43. Kd2 h4 44. Kc2 Ra4 45. Kb3 Ra1 46. Kb4 Ra2 47.
Kb5 Rb2+ 48. Kc6 Ra2 49. Kb7 Rb2+ 50. Kc8 1-0

[Event "FINAL MISTRZOSTW POLSKI JUNIOROW 2018 - GRUPA  C18"]
[Site "Jastrzebia Gora"]
[Date "1899-12-30"]
[Round "8.3"]
[White "Koziol, Kamil"]
[Black "Lukasiewicz, Krzysztof"]
[Result "1/2-1/2"]
[WhiteTitle "FM"]
[BlackTitle "k"]
[WhiteElo "2262"]
[BlackElo "2209"]

1. e4 c6 2. d4 d5 3. f3 dxe4 4. fxe4 e5 5. Nf3 Be6 6. Bd3 exd4 7. O-O Nf6 8. Nbd2
Be7 9. e5 Ng4 10. Ne4 Ne3 11. Bxe3 dxe3 12. Qe2 Qb6 13. c3 Nd7 14. b4 O-O-O 15.
a4 Bg4 16. a5 Qc7 17. Qxe3 Bxf3 18. Nd6+ Bxd6 19. exd6 Qxd6 20. Qxf3 Ne5 21. Qh3+
Kb8 22. Be2 g6 23. a6 b6 24. Rad1 Qc7 25. Rd4 f5 26. Rfd1 Rxd4 27. cxd4 Nf7 28.
Qc3 Re8 29. Bf3 Rc8 30. Rc1 Nd8 31. g3 Qd7 32. d5 cxd5 33. Qe5+ Rc7 34. Rxc7 Qxc7
35. Qxd5 Kc8 36. Kg2 Nf7 37. Qe6+ Qd7 38. Bd5 Ng5 39. Bb7+ Kd8 40. Qf6+ Qe7 1/2-1/2

[Event "FINAL MISTRZOSTW POLSKI JUNIOROW 2018 - GRUPA  C18"]
[Site "Jastrzebia Gora"]
[Date "1899-12-30"]
[Round "8.4"]
[White "Chylewski, Patryk"]
[Black "Klepek, Witold"]
[Result "1-0"]
[WhiteTitle "FM"]
[BlackTitle "k"]
[WhiteElo "2313"]
[BlackElo "2126"]

1. d4 Nf6 2. c4 c5 3. d5 b5 4. cxb5 a6 5. e3 axb5 6. Bxb5 Qa5+ 7. Nc3 Bb7 8. Bd2
Qb6 9. Nf3 Nxd5 10. a4 Nc7 11. a5 Qg6 12. Be2 e6 13. h4 h5 14. Rh3 Bd6 15. Kf1
Nc6 16. e4 Nd4 17. Be3 Nxe2 18. Qxd6 Nxc3 19. Ne5 Ba6+ 20. Kg1 Qf6 21. bxc3 O-O-O
22. Bg5 1-0

[Event "FINAL MISTRZOSTW POLSKI JUNIOROW 2018 - GRUPA  C18"]
[Site "Jastrzebia Gora"]
[Date "1899-12-30"]
[Round "8.5"]
[White "Garbowski, Jakub"]
[Black "Gumularz, Szymon"]
[Result "0-1"]
[WhiteTitle "k"]
[BlackTitle "FM"]
[WhiteElo "2112"]
[BlackElo "2462"]

1. e4 e6 2. d4 a6 3. Nf3 d5 4. Nbd2 Nf6 5. Bd3 c5 6. dxc5 Bxc5 7. O-O O-O 8. Qe2
Nc6 9. c3 h6 10. e5 Nd7 11. Nb3 Be7 12. Bc2 Re8 13. Nbd4 Qc7 14. Bf4 Nf8 15. Bg3
Bd7 16. Rad1 Rac8 17. Nxc6 bxc6 18. Nh4 Rb8 19. Rd4 c5 20. Rg4 Rxb2 21. Rxg7+
Kxg7 22. Qh5 Qd8 23. f4 f5 24. exf6+ Bxf6 25. Bg6 Nxg6 26. Qxg6+ Kh8 27. Qxh6+
Kg8 28. f5 Bg7 29. Qc1 Rb7 30. f6 Bxf6 31. Ng6 Bb5 32. Rf3 Rg7 33. Ne5 Bxe5 34.
Bxe5 Qg5 0-1

[Event "FINAL MISTRZOSTW POLSKI JUNIOROW 2018 - GRUPA  C18"]
[Site "Jastrzebia Gora"]
[Date "1899-12-30"]
[Round "8.6"]
[White "Slomczewski, Michal"]
[Black "Sernecki, Franciszek"]
[Result "1-0"]
[WhiteTitle "I+"]
[BlackTitle "I+"]
[WhiteElo "2045"]
[BlackElo "2160"]

1. d4 d5 2. Nf3 e6 3. g3 Nf6 4. Bg2 Be7 5. O-O O-O 6. c4 dxc4 7. Qc2 a6 8. Rd1
b5 9. Ne5 Nd5 10. b3 cxb3 11. axb3 Bb7 12. e4 Nb4 13. Qe2 Nd7 14. Nd3 Nxd3 15.
Rxd3 Qe8 16. Bb2 c5 17. d5 exd5 18. exd5 Bf6 19. Re3 Qd8 20. Nc3 Nb6 21. Rd1 Bd4
22. Re4 Re8 23. Qh5 g6 24. Qh6 Qf6 25. Rexd4 cxd4 26. Ne4 Qg7 27. Qxg7+ Kxg7 28.
Bxd4+ Kh6 29. Bxb6 Bxd5 30. Rxd5 Re6 31. Be3+ Kg7 32. Nc5 Ree8 33. Rd6 Rac8 34.
Rxa6 Rxe3 35. fxe3 Rxc5 36. Rc6 Re5 37. Kf2 Rh5 38. h3 Rf5+ 39. Bf3 g5 40. b4
1-0

[Event "FINAL MISTRZOSTW POLSKI JUNIOROW 2018 - GRUPA  C18"]
[Site "Jastrzebia Gora"]
[Date "1899-12-30"]
[Round "8.7"]
[White "Woloch, Oskar"]
[Black "Brozyna, Mateusz"]
[Result "1-0"]
[WhiteTitle "k"]
[BlackTitle "I+"]
[WhiteElo "2107"]
[BlackElo "2147"]

1. d4 Nf6 2. g3 g6 3. Bg2 Bg7 4. e4 d6 5. Ne2 Nbd7 6. Nbc3 e5 7. O-O O-O 8. h3
c6 9. a4 Re8 10. Be3 Qc7 11. g4 exd4 12. Bxd4 Nc5 13. e5 Rxe5 14. Bxe5 dxe5 15.
Qd2 h5 16. g5 Ne8 17. b4 Ne6 18. Rfd1 Qe7 19. Ne4 N6c7 20. c4 Bf5 21. h4 Ne6 22.
c5 Rd8 23. Qe3 Rb8 24. Nd6 f6 25. Ng3 fxg5 26. Ngxf5 gxf5 27. Nxf5 Qf6 28. Nxg7
N8xg7 29. hxg5 Nxg5 30. Rd6 Qf5 31. Qg3 Rf8 32. Rad1 Kh8 33. Rh6+ Kg8 34. Rdd6
Kf7 35. b5 Ne8 36. Rdg6 Qb1+ 37. Kh2 Qxg6 38. Rxg6 Kxg6 39. Qxe5 Nf6 40. Qd6 Rh8
41. bxc6 bxc6 42. f4 Nf7 43. Qxc6 Re8 44. Qa6 Nh6 45. Qd3+ Nf5 46. Kg1 Re1+ 47.
Kf2 Re3 48. Qxf5+ Kxf5 49. Kxe3 Ke6 50. Kd4 Kd7 51. f5 Ng4 52. Bh3 Nf2 53. Bf1
Ng4 54. Be2 Nf6 55. Ke5 Ke7 56. c6 h4 57. a5 Ne8 58. Bg4 Kd8 59. f6 Nc7 60. Kd6
Ne8+ 61. Ke6 Nc7+ 62. Kf7 Ne8 63. Kg6 Nd6 64. f7 Nxf7 65. Kxf7 Kc7 66. Bf3 h3
67. Ke7 h2 68. Bh1 a6 69. Bg2 h1=B 70. Bxh1 Kb8 71. Kd7 Ka7 72. Bg2 Ka8 73. c7+
Ka7 74. Bf1 1-0

[Event "FINAL MISTRZOSTW POLSKI JUNIOROW 2018 - GRUPA  C18"]
[Site "Jastrzebia Gora"]
[Date "1899-12-30"]
[Round "8.8"]
[White "Karpus, Michal"]
[Black "Walter, Szymon"]
[Result "0-1"]
[WhiteTitle "FM"]
[BlackTitle "k+"]
[WhiteElo "2367"]
[BlackElo "2330"]

1. e4 c5 2. Nf3 d6 3. d4 cxd4 4. Nxd4 Nf6 5. Nc3 a6 6. Be3 e5 7. Nb3 Be6 8. f3
h5 9. Qd2 Nbd7 10. Nd5 Bxd5 11. exd5 g6 12. O-O-O Rc8 13. Kb1 Bg7 14. h4 Qc7 15.
Rg1 e4 16. Be2 Nxd5 17. c3 Nxe3 18. Qxe3 O-O 19. Qxe4 Rfe8 20. Qc2 Qb6 21. g4
Nf6 22. gxh5 Nxh5 23. Bd3 Re6 24. Be4 Nf4 25. Qd2 Rf6 26. Rg4 Bh6 27. h5 g5 28.
Nd4 Rc5 29. Ka1 Re5 30. Bb1 Kf8 31. Qc2 d5 32. Qh7 Bg7 33. Qc2 Bh6 34. Rgg1 Ne6
35. Qh2 Nf4 36. Rge1 Qc7 37. Qg3 Rb6 38. Rxe5 Qxe5 39. Re1 Qf6 40. Qg4 Ne6 41.
Nf5 Bg7 42. Rd1 Qxc3 0-1

[Event "FINAL MISTRZOSTW POLSKI JUNIOROW 2018 - GRUPA  C18"]
[Site "Jastrzebia Gora"]
[Date "1899-12-30"]
[Round "8.9"]
[White "Bilczewski, Kacper"]
[Black "Hrymowicz, Artur"]
[Result "0-1"]
[WhiteTitle "k+"]
[BlackTitle "I++"]
[WhiteElo "2161"]
[BlackElo "2156"]

1. e4 c5 2. c3 Nf6 3. e5 Nd5 4. d4 cxd4 5. cxd4 d6 6. Nf3 Nc6 7. Bc4 Nb6 8. Bb5
dxe5 9. Nxe5 Bd7 10. Nxd7 Qxd7 11. Nc3 Rd8 12. a4 a6 13. Bxc6 bxc6 14. Qe2 Qb7
15. O-O e6 16. Bf4 Rxd4 17. Be5 Rd8 18. Ne4 Nd5 19. Rac1 f6 20. Bg3 Kf7 21. Rfe1
Bb4 22. Ng5+ fxg5 23. Qxe6+ Kf8 24. Re5 Nf6 25. h3 Re8 26. Qf5 Kf7 27. Qf3 Rxe5
28. Bxe5 Qe7 29. Bxf6 gxf6 30. Rxc6 a5 31. Qd5+ Kg7 32. Re6 Qf7 33. Qc6 Rd8 34.
Qb6 Rd7 35. Rc6 Qe7 36. Re6 Rd1+ 37. Kh2 Bd6+ 0-1

[Event "FINAL MISTRZOSTW POLSKI JUNIOROW 2018 - GRUPA  C18"]
[Site "Jastrzebia Gora"]
[Date "1899-12-30"]
[Round "8.10"]
[White "Swider, Pawel"]
[Black "Janiszewski, Filip"]
[Result "1-0"]
[WhiteTitle "I"]
[BlackTitle "I++"]
[WhiteElo "1941"]
[BlackElo "1869"]

1. d4 Nf6 2. Nf3 g6 3. g3 Bg7 4. Bg2 O-O 5. O-O d6 6. c4 Nc6 7. d5 Nb8 8. Nc3 e5
9. e4 a5 10. Qe2 Na6 11. Ne1 Nd7 12. f4 f5 13. Nd3 Ndc5 14. Nxc5 Nxc5 15. fxe5
Bxe5 16. Bh6 Re8 17. Qd2 fxe4 18. Nxe4 Nxe4 19. Bxe4 Bh3 20. Bg2 Bf5 21. Bg5 Qd7
22. Rae1 Qa4 23. b3 Qb4 24. Qf2 Qc3 25. Bd2 Qb2 26. Kh1 Rf8 27. Bh6 Qxf2 28. Rxf2
Rfe8 29. Rfe2 Kf7 30. Be4 Bxe4+ 31. Rxe4 a4 32. b4 b5 33. Rf1+ Kg8 34. cxb5 Bg7
35. Rxe8+ Rxe8 36. Bxg7 Kxg7 37. Rc1 Re7 38. Kg2 Re2+ 39. Kf3 Rxa2 40. Rxc7+ Kf6
41. b6 Rb2 42. Rc4 Rb3+ 43. Ke4 a3 44. b7 a2 45. b8=Q a1=Q 46. Qf8+ 1-0

[Event "FINAL MISTRZOSTW POLSKI JUNIOROW 2018 - GRUPA  C18"]
[Site "Jastrzebia Gora"]
[Date "1899-12-30"]
[Round "8.11"]
[White "Zaleski, Lukasz"]
[Black "Koloczek, Maciej"]
[Result "1/2-1/2"]
[WhiteTitle "k"]
[BlackTitle "I"]
[WhiteElo "2132"]
[BlackElo "1864"]

1. e4 c5 2. Nf3 g6 3. d4 cxd4 4. Nxd4 Nc6 5. c4 Nf6 6. Nc3 Nxd4 7. Qxd4 d6 8. Be2
Bg7 9. Be3 O-O 10. Qd2 Be6 11. Rc1 Qa5 12. O-O Rfc8 13. b3 a6 14. f3 b5 15. Nd5
Qxd2 16. Bxd2 Nxd5 17. exd5 Bd4+ 18. Kh1 Bd7 19. Rfe1 Bb2 20. Rb1 Bf6 21. Be3
Rab8 22. Bd3 Rb7 23. Kg1 Kg7 24. Rec1 Rbc7 25. Bb6 Rb7 26. Be3 Rbc7 27. Bb6 Rb7
28. Be3 1/2-1/2

[Event "FINAL MISTRZOSTW POLSKI JUNIOROW 2018 - GRUPA  C18"]
[Site "Jastrzebia Gora"]
[Date "1899-12-30"]
[Round "8.12"]
[White "Raczynski, Krzysztof"]
[Black "Jordan, Adam"]
[Result "1-0"]
[WhiteTitle "k+"]
[BlackTitle "I"]
[WhiteElo "2124"]
[BlackElo "1748"]

1. e4 c6 2. d4 d5 3. exd5 cxd5 4. c4 Nf6 5. Nc3 Nc6 6. Bg5 dxc4 7. d5 Ne5 8. Qd4
Nd3+ 9. Bxd3 cxd3 10. Nf3 h6 11. Bxf6 exf6 12. O-O-O Be7 13. Rxd3 Bd6 14. Re1+
Kf8 15. Rde3 Bd7 16. Kb1 Rc8 17. Ne4 Bf5 18. Ka1 Bxe4 19. Qxe4 g6 20. g4 Kg7 21.
h4 g5 22. Nd4 Be5 23. Nf5+ Kg8 24. R3e2 Qc7 25. Kb1 gxh4 26. Rd1 Qc4 27. d6 Qxe4+
28. Rxe4 Kh7 29. f4 1-0

[Event "FINAL MISTRZOSTW POLSKI JUNIOROW 2018 - GRUPA  C18"]
[Site "Jastrzebia Gora"]
[Date "1899-12-30"]
[Round "8.13"]
[White "Kus, Aleksander"]
[Black "Choina, Michal"]
[Result "1-0"]
[WhiteTitle "k"]
[BlackTitle "I++"]
[WhiteElo "2009"]
[BlackElo "1906"]

1. e4 d5 2. exd5 Qxd5 3. Nf3 Nf6 4. d4 c6 5. c4 Qa5+ 6. Nc3 Bg4 7. Be2 Nbd7 8.
O-O e6 9. h3 Bh5 10. Bf4 h6 11. Bd3 g5 12. Bh2 g4 13. hxg4 Bxg4 14. Re1 Qh5 15.
Be2 Rg8 16. Bg3 Be7 17. Qb3 b6 18. Qa4 c5 19. d5 Kf8 20. dxe6 fxe6 21. Rad1 Rd8
22. Qxa7 Kf7 23. Nb5 Qf5 24. Nd6+ Bxd6 25. Rxd6 Ke7 26. Bd3 Qh5 27. Rxb6 Ke8 28.
Rd6 Ke7 29. Rc6 Ke8 30. Qc7 Qf7 31. Bc2 Bxf3 32. Rexe6+ 1-0